Opcie znižujú riziko pri obchodovaní

Nákup práva na predaj alebo kúpu kontraktov. Charakteristika termínových kontraktov. Určenie cien komodít. Predajný a kúpny opčný kontrakt.

Saved in:
Bibliographic Details
Format: Book Chapter
Language:Slovak
Subjects:
Tags: Add Tag
No Tags, Be the first to tag this record!

MARC

LEADER 00000naa a2200000 4500
001 r018989
005 20221213100526.3
041 0 |a slo 
044 |a SK 
245 1 0 |a Opcie znižujú riziko pri obchodovaní 
520 |a Nákup práva na predaj alebo kúpu kontraktov. Charakteristika termínových kontraktov. Určenie cien komodít. Predajný a kúpny opčný kontrakt. 
610 2 0 |a kontrakty 
610 2 0 |a obchody opčné 
610 2 0 |a obchody termínové 
610 2 0 |a ceny 
610 2 0 |a komodity